000 01359nam a2200373 a 4500
001 374
003 BD-RjUL
005 20211208233151.0
008 150131s2009 enk bd 000 0ceng
020 _a0199239657 (hbk.)
020 _a9780199239658 (hbk.)
020 _a0199239665 (pbk.)
020 _a9780199239665 (pbk.)
035 _a(OCoLC)ocn299242329
040 _aUKM
_cUKM
_dYDXCP
_dBWKUK
_dBWK
_dDLC
_dBD-RjUL
_beng
041 _aeng
082 0 4 _a709.0303
_222
_bCHD 2009
100 1 _aChilvers, Ian.
_9115616
245 1 2 _aA dictionary of modern and contemporary art /
_cIan Chilvers and John Glaves-Smith.
246 1 4 _aOxford dictionary of modern and contemporary art
250 _a2nd ed.
260 _aOxford ;
_aNew York :
_bOxford University Press,
_c2009.
300 _aviii, 776 p. ;
_c24 cm.
500 _aPrev. ed. published as: of: A dictionary of twentieth century art. 1998.
504 _aIncludes bibliographical references (p. [773]-776).
650 0 _aArt, Modern
_y20th century
_vDictionaries.
_9115617
650 0 _aArt, Modern
_y21st century
_vDictionaries.
_9115618
650 0 _aArtists
_vBiography
_vDictionaries.
_9115619
700 1 _aGlaves-Smith, John.
_9115620
700 1 _aChilvers, Ian.
_tDictionary of twentieth century art.
_9115621
942 _2ddc
_cBK
999 _c374
_d374